000 00596nas a2200217 4500
001 BR9703311
003 BR-BrBNA
005 20231205100351.0
007 ta
008 230509b bl.|||p| |||| 00| 00por d
040 _aBR-BrBNA
_bpor
_cBiblioteca Nacional de Agricultura
041 _a(Pt)
072 _aE50
100 1 _aDuarte, V.
245 1 _aCriatividade contra o desperdicio e a fome
650 _aFome
650 _aSociologia Rural
773 0 _tMinas Rurais (Brazil)
_x
_g(Dec 1996), v. 6(9) p. 3-4
_wBR9703311
909 _a202311
_bLúcia
_c55
_dLúcia Elande
942 _2AGRIS
_n0
_cANA
999 _c155615
_d155615